| 000 | 00743nam a2200181Ia 4500 | ||
|---|---|---|---|
| 008 | 090630s9999 xx 000 0 und d | ||
| 082 | _b18000 | ||
| 100 | _aडॉ. मोघे मनोहर मो. | ||
| 245 |
_aसंवादातून विज्ञान भाग 2. _cडॉ. मोघे मनोहर मो. |
||
| 260 |
_bअनिरुध्द - पुणे. _c1989 |
||
| 300 | _a91 | ||
| 600 | _aडॉ. मोघे मनोहर मो. | ||
| 630 | _aसंवादातून विज्ञान भाग 2. | ||
| 655 | _aबालवाङमय. | ||
| 700 | _aडॉ. मोघे मनोहर मो. | ||
| 730 | _aसंवादातून विज्ञान भाग 2. | ||
| 942 | _cBOOK | ||
| 999 |
_c269856 _d269856 |
||